Southville International School and Colleges
Your cart is empty.
  • Cart
  • Lists
    Public lists Eva Luna New books Lux_list list_1
    Your lists Log in to create your own lists
  • Log in to your account
  • Your cookies
  • Search history
Southville International School and Colleges
  • Advanced search
  • Recent comments
  • Most popular
  • Libraries

Log in to your account

Log in with GOOGLE


If you do not have an external account, but do have a local account, you can still log in:

  1. Home
  2. MARC view: Inside a zoo in the city :
Normal view MARC view ISBD view

Inside a zoo in the city : (Record no. 368731)

[ view plain ]
MARC details
000 -LEADER
fixed length control field 00602nam a22001937a 4500
003 - CONTROL NUMBER IDENTIFIER
control field 0
005 - DATE AND TIME OF LATEST TRANSACTION
control field 20260116152512.0
008 - FIXED-LENGTH DATA ELEMENTS--GENERAL INFORMATION
fixed length control field 260116b xxu||||| |||| 00| 0 eng d
020 ## - INTERNATIONAL STANDARD BOOK NUMBER
International Standard Book Number 0-439-22317-2
050 ## - LIBRARY OF CONGRESS CALL NUMBER
Classification number ER
Item number In35 2000
082 ## - DEWEY DECIMAL CLASSIFICATION NUMBER
Classification number ER
Item number In35 2000
100 ## - MAIN ENTRY--PERSONAL NAME
Personal name Capucilli, Alyssa Satin
245 ## - TITLE STATEMENT
Title Inside a zoo in the city :
Remainder of title a rebus read-along story
Statement of responsibility, etc Alyssa Satin Capucilli
260 ## - PUBLICATION, DISTRIBUTION, ETC. (IMPRINT)
Place of publication, distribution, etc New York, NY :
Name of publisher, distributor, etc Scholastic Inc.,
Date of publication, distribution, etc 2000.
300 ## - PHYSICAL DESCRIPTION
Extent 26 unnumbered pages :
Other physical details colored illustrations ;
Dimensions 26 cm.
650 ## - SUBJECT ADDED ENTRY--TOPICAL TERM
Topical term or geographic name as entry element Zoo animals
Form subdivision Juvenile fiction.
650 ## - SUBJECT ADDED ENTRY--TOPICAL TERM
Topical term or geographic name as entry element Easy books.
942 ## - ADDED ENTRY ELEMENTS (KOHA)
Source of classification or shelving scheme Dewey Decimal Classification
Koha item type Books
Holdings
Withdrawn status Lost status Source of classification or shelving scheme Damaged status Home library Current library Shelving location Date acquired Source of acquisition Sub Shelving location Total Checkouts Full call number Barcode Date last seen Price effective from Koha item type
    Dewey Decimal Classification   Munich Library Munich Library Easy Reading Section 01/16/2026 Library Fund     ER In35 2000 M8965 01/16/2026 01/16/2026 Books

Inside a zoo in the city :

APA

Capucilli A. S., . (2000). Inside a zoo in the city. New York, NY: Scholastic Inc.

Chicago

Capucilli Alyssa Satin, . 2000. Inside a zoo in the city. New York, NY: Scholastic Inc.

Harvard

Capucilli A. S., . (2000). Inside a zoo in the city. New York, NY: Scholastic Inc.

MLA

Capucilli Alyssa Satin, . Inside a zoo in the city. New York, NY: Scholastic Inc. 2000.

  • Place hold
  • Print
  • Cite
  • Add to your cart (remove)
  • Save record
    BIBTEX Dublin Core MARCXML MARC (non-Unicode/MARC-8) MARC (Unicode/UTF-8) MARC (Unicode/UTF-8, Standard) MODS (XML) RIS
  • More searches
    Search for this title in:
    Other Libraries (WorldCat) Other Databases (Google Scholar) Online Stores (Bookfinder.com) Open Library (openlibrary.org)

Exporting to Dublin Core...

SOUTHVILLE LIBRARY

Southville International School and Colleges Library

1281 Tropical Ave. Cor. Luxembourg St., BF Homes International, Las Pinas City

Tel. No. 8256374 / 252358 Loc. 117/146

Powered by Koha